• 首页
  • 本馆介绍
  • 公告通知
  • 最新文献
  • 馆藏检索
  • 电子资源
  • 读者导购
  • 参考咨询
  • 我的图书馆
  • 登录
  • 详细信息显示
  • 放入我的书架
  • 预约/预借图书
  • 作者相关作品
  • 分类相关作品
  • 丛书相关作品
  • 出版社相关作品

书目信息

  • 表格格式
  • 工作单格式
  • 卡片格式
题名:
作物育种技术
    
 
作者: 董炳友 主编
分册:  
出版信息: 北京   化学工业出版社  2012.11
页数: 255页
开本: 26cm
丛书名: 国家示范性高职院校优质核心课程系列教材
单 册:
中图分类: S33
科图分类:
主题词: 作物育种--教材
电子资源:
ISBN: 978-7-122-15212-1
000 01166nam 2200265 45
001 1355437327
005 20130513145651.43
010    @a978-7-122-15212-1@dCNY32.00
100    @a20130108d2012 em y0chiy0121 ea
101 0  @achi
102    @aCN@b110000
105    @aak a 000yy
106    @ar
200 1  @a作物育种技术@AZuo Wu Yu Zhong Ji Shu@f董炳友主编@FDong Bing You Zhu Bian
210    @a北京@c化学工业出版社@d2012.11
215    @a255页@c图@d26cm
225 2  @a国家示范性高职院校优质核心课程系列教材
320    @a有书目
330    @a本书按照作物育种的工作过程, 以作物育种的基本理论和技术为基础, 拓宽并丰富了作物育种的实用技能知识, 包括: 绪论, 育种目标, 种质资源, 作物的繁殖方式与育种, 选择与鉴定, 引种与选择育种, 杂交育种, 回交育种, 杂种优势利用, 诱变育种, 远缘杂交育种, 倍性育种, 抗病虫性育种, 生物技术在作物育种中的应用和新品种审定、登记、保护与利用。另外, 为了提升学生作物育种专业实践技能水平, 还设计了相关的实用技能实训内容。
461  0 @12001 @a国家示范性高职院校优质核心课程系列教材
606 0  @a作物育种@j教材
690    @aS33@v5
701  0 @a董炳友@ADong Bing You@4主编
801    @aCN@bTANGWEI@c20130111
905    @b0831388-90@dS33@e39@f3
    
    作物育种技术/董炳友主编.-北京:化学工业出版社,2012.11
    255页:图;26cm.-(国家示范性高职院校优质核心课程系列教材)
    
    
    ISBN 978-7-122-15212-1:CNY32.00
    本书按照作物育种的工作过程, 以作物育种的基本理论和技术为基础, 拓宽并丰富了作物育种的实用技能知识, 包括: 绪论, 育种目标, 种质资源, 作物的繁殖方式与育种, 选择与鉴定, 引种与选择育种, 杂交育种, 回交育种, 杂种优势利用, 诱变育种, 远缘杂交育种, 倍性育种, 抗病虫性育种, 生物技术在作物育种中的应用和新品种审定、登记、保护与利用。另外, 为了提升学生作物育种专业实践技能水平, 还设计了相关的实用技能实训内容。
●
相关链接 在E读中查询图书 在五车中查询图书 在当当中查询图书 在豆瓣中查询图书


正题名:作物育种技术     索取号:S33/39         预约/预借

序号 登录号 条形码 馆藏地/架位号 状态 备注
1 0831388   208313886   第二样本阅览室/ [索取号:S33/39] 在馆    
2 0831389   208313895   第三借阅区/ [索取号:S33/39] 在馆    
3 0831390   208313902   第三借阅区/ [索取号:S33/39] 在馆    
唐山师范学院图书馆 欢迎您!
大连网信软件有限公司© 版权所有